Представление документа в формате MARC21

Поле Инд. ПП Название Значение
Тип записи a
Библиографический уровень m
001 Контрольный номер RU/LIBMSTU/387449573
005 Дата корректировки 20160127104208.4
008 Кодируемые данные 120416|||||||||ru |||||||||||000|||rus||
020 a ISBN 978-5-8114-0241-0
040 b Код языка каталог. rus
041 a Код языка текста rus
084 a Индекс другой классификации/Индекс ББК 48.7я2+48я2
090 a Полочн. индекс 48.7
x Авторский знак С 74
245 10 a Заглавие Справочник ветеринарного терапевта
b Продолж. заглавия учеб. пособие для вузов
c Ответственность [Г. Г. Щербаков и др.] ; под ред. Г. Г. Щербакова
250 a Основные сведения об издании Изд. 5-е, испр. и доп.
260 a Место издания Санкт-Петербург ; Москва ; Краснодар
b Издательство Лань
c Дата издания 2009
300 a Объем 655 с.
440 a Серия Учебники для вузов. Специальная литература
650 a Основная рубрика Ветеринарная терапия-Справочные издания
653 a Ключевые слова Болезни животных; Болезни молодняка; Болезни птиц; Ветеринария; Ветеринарная медицина; Ветеринарная терапия; Лечение животных; Терапевты ветеринарные; Терапия болезней животных; Фитотерапия
700 a Другие авторы Щербаков Г. Г.
e Роль лиц авт.-ред.
901 t Тип документа m
952 b Гриф литературы для ВШ Рекомендовано УМО вузов РФ по образованию в области зоотехнии и ветеринарии
c Вид литературы учебное пособие